00764 2200277 4500001002100000005001500021035002500036007000300061008004100064020002200105040001700127082001500144084001500159245007400174250001100248260003700259300002700296650002100323700002300344850001200367090001900379090002200398999002200420990002200442990002200464INLIS00000000002664920200514121030 a0010-041700000000045ta170403s2015 yoi g ind d a978-602-225-980-0 aYOPDYOGbind04222a808.84 a808.84 ANT00aAntologi esai :bsuara hati mahasiswa /cYenik Wahyuningsih...[et al] aCet. 13 aYogyakarta :bLeutikaprio,c2015 ax, 98 halaman ;c19 cm 4aEsai--vKumpulan0 aYenik Wahyuningsih aYOPDYOG aDEP 808.84 ANT aCB-D.11 2015-2187 aCB-D.11/2015-2187 aCB-D.11/2015-2187 aCB-D.11/2015-2187